<?xml version="1.0" encoding="UTF-8"?>
<record
    xmlns:xsi="http://www.w3.org/2001/XMLSchema-instance"
    xsi:schemaLocation="http://www.loc.gov/MARC21/slim http://www.loc.gov/standards/marcxml/schema/MARC21slim.xsd"
    xmlns="http://www.loc.gov/MARC21/slim">

  <leader>01374cam a2200265 a 4500</leader>
  <controlfield tag="001">000003770</controlfield>
  <controlfield tag="005">20200929150549.0</controlfield>
  <controlfield tag="008">731003s1972    ag            001 0bspa d</controlfield>
  <datafield tag="040" ind1=" " ind2=" ">
    <subfield code="a">DO-SdBNP</subfield>
    <subfield code="b">spa</subfield>
    <subfield code="c">BNPHU</subfield>
  </datafield>
  <datafield tag="082" ind1=" " ind2=" ">
    <subfield code="a">813.52</subfield>
    <subfield code="b">F553mzL</subfield>
  </datafield>
  <datafield tag="100" ind1="1" ind2=" ">
    <subfield code="a">Lehan, Richard Daniel,</subfield>
    <subfield code="d">1930-</subfield>
    <subfield code="9">11470</subfield>
  </datafield>
  <datafield tag="240" ind1="1" ind2="0">
    <subfield code="a">F. Scott Fitzgerald and the craft of fiction.</subfield>
    <subfield code="l">Espa&#xF1;ol</subfield>
  </datafield>
  <datafield tag="245" ind1="1" ind2="3">
    <subfield code="a">El mundo de Scott Fitzgerald /</subfield>
    <subfield code="c">Richard D. Lehan; traducci&#xF3;n de Mar&#xED;a Teresa La Valle y Marcelo P&#xE9;rez Rivas.</subfield>
  </datafield>
  <datafield tag="260" ind1=" " ind2=" ">
    <subfield code="a">Buenos Aires :</subfield>
    <subfield code="b">Rodolfo Alonso,</subfield>
    <subfield code="c">1972.</subfield>
  </datafield>
  <datafield tag="300" ind1=" " ind2=" ">
    <subfield code="a">233 p. ;</subfield>
    <subfield code="c">18 cm.</subfield>
  </datafield>
  <datafield tag="490" ind1="1" ind2=" ">
    <subfield code="a">Letra viva</subfield>
  </datafield>
  <datafield tag="505" ind1="0" ind2=" ">
    <subfield code="a">Prefacio / Harry T. Moore -- Introducci&#xF3;n -- F. Scott Fitzgerald y la tradici&#xF3;n rom&#xE1;ntica -- La iron&#xED;a y los tres niveles del tiempo -- A este lado del Para&#xED;so -- Los hermosos y malditos -- El gran Gatsby -- Tierna es la noche -- El Conde de las tinieblas. El &#xFA;ltimo magnate. Los cuentos de Pat Hobby -- Los l&#xED;mites de la visi&#xF3;n.</subfield>
  </datafield>
  <datafield tag="534" ind1=" " ind2=" ">
    <subfield code="p">T&#xED;tulo original:</subfield>
    <subfield code="t">F. Scott Fitzgerald and the craft of fiction.</subfield>
  </datafield>
  <datafield tag="650" ind1=" " ind2="4">
    <subfield code="a">Novela estadounidense</subfield>
    <subfield code="x">Siglo xx</subfield>
    <subfield code="9">11471</subfield>
  </datafield>
  <datafield tag="650" ind1=" " ind2="4">
    <subfield code="a">Literatura</subfield>
    <subfield code="y">SIGLO XX</subfield>
    <subfield code="v">NOVELA.</subfield>
    <subfield code="9">11472</subfield>
  </datafield>
  <datafield tag="600" ind1="1" ind2="4">
    <subfield code="a">FITZGERALD, F. SCOTT</subfield>
    <subfield code="q">(FRANCIS SCOTT),</subfield>
    <subfield code="d">1896-1940</subfield>
    <subfield code="x">CRITICA E INTERPRETACION.</subfield>
    <subfield code="9">11473</subfield>
  </datafield>
  <datafield tag="700" ind1="1" ind2=" ">
    <subfield code="a">La Valle, Mar&#xED;a Teresa,</subfield>
    <subfield code="e">tr.</subfield>
    <subfield code="9">11474</subfield>
  </datafield>
  <datafield tag="700" ind1="1" ind2=" ">
    <subfield code="a">P&#xE9;rez Rivas, Marcelo,</subfield>
    <subfield code="e">tr.</subfield>
    <subfield code="9">11475</subfield>
  </datafield>
  <datafield tag="830" ind1=" " ind2="0">
    <subfield code="a">Letra viva</subfield>
    <subfield code="9">5252</subfield>
  </datafield>
  <datafield tag="952" ind1=" " ind2=" ">
    <subfield code="0">0</subfield>
    <subfield code="1">0</subfield>
    <subfield code="5">2</subfield>
    <subfield code="7">0</subfield>
    <subfield code="8">MO</subfield>
    <subfield code="a">GR</subfield>
    <subfield code="b">GR</subfield>
    <subfield code="c">CT</subfield>
    <subfield code="d">2009-07-13</subfield>
    <subfield code="i">LF1</subfield>
    <subfield code="l">0</subfield>
    <subfield code="o">813.52 F553mzL</subfield>
    <subfield code="p">3770-10</subfield>
    <subfield code="r">2020-06-25</subfield>
    <subfield code="w">2020-06-25</subfield>
    <subfield code="y">2</subfield>
    <subfield code="Z">Pr&#xE9;stamo interno</subfield>
  </datafield>
  <datafield tag="999" ind1=" " ind2=" ">
    <subfield code="c">3592</subfield>
    <subfield code="d">3592</subfield>
  </datafield>
</record>
